Účtovné zobrazenie vybraných operácií zaistenia v zaisťovni diplomová práca

Salvato in:
Dettagli Bibliografici
Autore principale: Orviská, Alexandra
Ente Autore: Fakulta hospodárskej informatiky EU. Katedra účtovníctva a audítorstva
Altri autori: Juhászová, Zuzana, 1970-
Natura: Libro
Lingua:slovacco
Pubblicazione: Bratislava 2019
Tags: Aggiungi Tag
Nessun Tag, puoi essere il primo ad aggiungerne!!

MARC

LEADER 00000nbm a2200000 4500
001 0254186
005 20200113080823.5
041 0 |a slo 
044 |a SK 
245 1 0 |a Účtovné zobrazenie vybraných operácií zaistenia v zaisťovni  |b diplomová práca  |c Alexandra Orviská ; školiteľ: Zuzana Juhászová 
264 1 |a Bratislava  |c 2019 
300 |a 58 s. 
100 1 |a Orviská, Alexandra 
700 1 |a Juhászová, Zuzana, 1970- 
710 2 |a Fakulta hospodárskej informatiky EU. Katedra účtovníctva a audítorstva